| 000 | 00473nam a22001697a 4500 | ||
|---|---|---|---|
| 003 | OSt | ||
| 005 | 20180410151727.0 | ||
| 008 | 160928b xxu||||| |||| 00| 0 eng d | ||
| 040 | _cCRI | ||
| 082 | _a808.068971 BRI old | ||
| 100 | 1 |
_939924 _aBrick, John |
|
| 245 | 0 | 0 |
_aOn the old frontier _b: a Tim Murphy adventure _cBrick, John |
| 260 |
_aCanadá _bBiritnan _c1966 |
||
| 300 |
_a159 p. _c21 cm. |
||
| 650 | 0 |
_926317 _aCuentos canadienses |
|
| 942 |
_2ddc _cBK _hprozim |
||
| 999 |
_c26066 _d26066 |
||